K metódam cudzojazyčného vzdelávania

Metodický prístup CLIL (Content and language integrated learning) pri výučbe cudzích jazykov.

Saved in:
Bibliographic Details
Main Author: Veškrnová, Alžbeta
Other Authors: Prividiová, Eva, 1952-
Format: Book Chapter
Language:Slovak
Subjects:
Tags: Add Tag
No Tags, Be the first to tag this record!

MARC

LEADER 00000naa a2200000 4500
001 0181423
005 20240502073119.4
041 0 |a slo 
044 |a SK 
245 1 0 |a K metódam cudzojazyčného vzdelávania  |c Alžbeta Veškrnová, Eva Prividiová 
520 |a Metodický prístup CLIL (Content and language integrated learning) pri výučbe cudzích jazykov. 
610 2 0 |a jazyky cudzie 
610 2 0 |a výučba vedecká 
610 2 0 |a vzdelávanie 
100 1 |a Veškrnová, Alžbeta 
700 1 |a Prividiová, Eva, 1952-